Applied strategic planning : A comprehensive guide

Bibliographic Details
Main Authors: Goodstein, Leonard David (Author), Nolan, Timothy M. (Author), Pfeiffer, J. William (Author)
Format: Book
Language:English
Published: New York : McGraw Hill 1993
Subjects:

MARC

LEADER 00000cam a2200000 7i4500
001 0000001089
005 20240924.0
008 991125 nyu a eng
020 |a 0070240205 
040 |a INS   |b eng   |e rda 
090 0 0 |a HD30.28   |b .G66 1993 
100 1 |a Goodstein, Leonard David ,   |e author 
245 1 0 |a Applied strategic planning :   |b A comprehensive guide   |c Leonard D. Goodstein, Timothy M. Nolan, J. William Pfeiffer 
264 1 |a New York :   |b McGraw Hill   |c 1993 
300 |a ix, 379 pages :   |b illustrations ;   |c 24 cm. 
336 |a text  |2 rdacontent 
337 |a unmediated  |2 rdamedia 
338 |a volume  |2 rdacarrier 
500 |a Includes index 
650 0 |a Strategic planning 
700 1 |a Nolan, Timothy M. ,   |e author 
700 1 |a Pfeiffer, J. William ,   |e author 
999 |a 0000006625   |b BOOK   |c Open Shelf   |e Default branch